| 000 | 00506cam a2200193ua 4500 | ||
|---|---|---|---|
| 001 | 2151 | ||
| 008 | 110805n ii |||gr||||Z||||||asm | ||
| 020 | _a81-7339-498-9 | ||
| 040 | _cMAIN | ||
| 082 | _a306.43 | ||
| 100 |
_aDeka, Birendra, _eAuthor. |
||
| 245 | 1 |
_aShiksha samajbigyan aru sishu monobigyan _cby Birendra Deka |
|
| 250 | _a1st. | ||
| 260 |
_aGuahati: _bBanalata, _c2007. |
||
| 300 |
_a288p: _c23cm. |
||
| 653 | _aEducation | ||
| 653 | _aShiksha samajbigyan aru sishu monobigyan | ||
| 942 | _cBK | ||
| 999 |
_c2019 _d2019 |
||